[Event "Titled Tuesday intern op 04th May"]
[Site "Chess.com INT"]
[Date "2021.05.04"]
[Round "5"]
[White "Finegold, Spencer"]
[Black "Skatchkov, Pavel"]
[Result "0-1"]
[WhiteElo "2090"]
[BlackElo "2457"]
[PlyCount "52"]
[EventDate "2021.05.04"]
[EventType "swiss (blitz)"]
[EventRounds "11"]
[EventCountry "USA"]
[SourceTitle "CBM 202 Extra"]
[Source "ChessBase"]
[SourceDate "2021.07.31"]
[SourceVersion "1"]
[SourceVersionDate "2021.07.31"]
[SourceQuality "1"]

1. e4 e5 2. Nf3 Nf6 3. Nxe5 d6 4. Nf3 Nxe4 5. Nc3 Nxc3 6. dxc3 Be7 7. Be3 0-0 8. Qd2 Nd7 9. 0-0-0 Nf6 10. h4 c5 11. Kb1 Be6 12. Ng5 Bf5 13. f3 Qa5 14. g4 Bd7 15. h5 h6 16. Nh3 Be6 17. a3 b5 18. g5 Nd5 19. gxh6 Bf6 20. Nf4 Nxc3+ 21. Kc1 b4 22. hxg7 bxa3 23. gxf8Q+ Rxf8 24. Rg1+ Kh8 25. Bd4 axb2+ 26. Kxb2 Rb8+ 0-1

[Event "Titled Tuesday intern op 04th May"]
[Site "Chess.com INT"]
[Date "2021.05.04"]
[Round "6"]
[White "Peralta, Eduardo"]
[Black "Finegold, Spencer"]
[Result "1-0"]
[WhiteElo "2218"]
[BlackElo "2090"]
[PlyCount "103"]
[EventDate "2021.05.04"]
[EventType "swiss (blitz)"]
[EventRounds "11"]
[EventCountry "USA"]
[SourceTitle "CBM 202 Extra"]
[Source "ChessBase"]
[SourceDate "2021.07.31"]
[SourceVersion "1"]
[SourceVersionDate "2021.07.31"]
[SourceQuality "1"]

1. d4 Nf6 2. c4 e6 3. Nf3 b6 4. g3 Bb7 5. Bg2 Be7 6. d5 0-0 7. 0-0 a5 8. Nc3 Na6 9. e4 exd5 10. exd5 Nc5 11. Re1 h6 12. Nh4 Re8 13. Be3 Bf8 14. Nf5 d6 15. Qc2 Bc8 16. Re2 Ng4 17. Nd4 Nxe3 18. Rxe3 Rxe3 19. fxe3 Bd7 20. Rf1 Qg5 21. Qf2 Qg6 22. e4 Nd3 23. Qe3 Ne5 24. Nf5 Nxc4 25. Qe2 Ne5 26. Nb5 Bxb5 27. Qxb5 Qg5 28. Qe2 Re8 29. Qc2 Rc8 30. h4 Qg4 31. Kh2 Qg6 32. Bh3 Ng4+ 33. Kh1 h5 34. Rf4 Kh7 35. Bxg4 hxg4 36. Qe2 Qf6 37. Qxg4 Qxb2 38. Nxg7 Bxg7 39. Qxc8 Qb1+ 40. Kg2 Qxa2+ 41. Kh3 Qa1 42. Qf5+ Kh8 43. Qh5+ Kg8 44. Qxf7+ Kh7 45. Qh5+ Kg8 46. Qf3 Qe5 47. Rf5 Qa1 48. h5 Qc1 49. Rf7 a4 50. Rd7 Kh8 51. Rd8+ Kh7 52. Qf5+ 1-0

[Event "Titled Tuesday intern op 04th May"]
[Site "Chess.com INT"]
[Date "2021.05.04"]
[Round "1"]
[White "Yurtseven, Melih"]
[Black "Finegold, Spencer"]
[Result "0-1"]
[WhiteElo "2414"]
[BlackElo "2090"]
[PlyCount "80"]
[EventDate "2021.05.04"]
[EventType "swiss (blitz)"]
[EventRounds "11"]
[EventCountry "USA"]
[SourceTitle "CBM 202 Extra"]
[Source "ChessBase"]
[SourceDate "2021.07.31"]
[SourceVersion "1"]
[SourceVersionDate "2021.07.31"]
[SourceQuality "1"]

1. d4 Nf6 2. c4 e6 3. Nc3 Bb4 4. Qc2 0-0 5. e4 d5 6. e5 Ne4 7. Bd3 c5 8. Nf3 cxd4 9. Nxd4 Nd7 10. Bf4 Ndc5 11. 0-0 Bxc3 12. bxc3 Bd7 13. Be2 Qa5 14. Rfc1 Ba4 15. Qb2 Bc6 16. cxd5 Bxd5 17. c4 Bc6 18. Nb3 Qb6 19. Be3 Rfc8 20. Qa3 Nxb3 21. Bxb6 Nxc1 22. Qxc1 axb6 23. Qe3 Nc5 24. h4 Rd8 25. h5 h6 26. g4 Ra5 27. g5 Ne4 28. gxh6 Rxe5 29. f4 Rf5 30. Bd3 Rxd3 31. Qxd3 Rxf4 32. h7+ Kxh7 33. Rf1 Rg4+ 34. Kh2 Kh6 35. Qe3+ Kxh5 36. Rxf7 Ng5 37. Rf4 Rg2+ 38. Kh1 Re2+ 39. Qf3+ Nxf3 40. c5 Rh2# 0-1

[Event "Titled Tuesday intern op 13th Apr"]
[Site "Chess.com INT"]
[Date "2021.04.13"]
[Round "9"]
[White "Castaneda Jimenez, Jhon David"]
[Black "Finegold, Spencer"]
[Result "0-1"]
[WhiteElo "2161"]
[BlackElo "2090"]
[PlyCount "74"]
[EventDate "2021.04.13"]
[EventType "swiss (blitz)"]
[EventRounds "11"]
[EventCountry "USA"]
[SourceTitle "CBM 201 Extra"]
[Source "ChessBase"]
[SourceDate "2021.05.31"]
[SourceVersion "1"]
[SourceVersionDate "2021.05.31"]
[SourceQuality "1"]

1. d4 Nf6 2. Nf3 c5 3. d5 d6 4. Nc3 g6 5. e4 a6 6. a4 Bg4 7. Be2 Bxf3 8. Bxf3 Bg7 9. 0-0 0-0 10. Re1 Nbd7 11. Bg5 Rb8 12. Be2 h6 13. Be3 Ne8 14. Qd2 Kh7 15. f4 Nc7 16. a5 b5 17. axb6 Rxb6 18. Na4 Rb4 19. c3 Rxe4 20. Bd3 Rxe3 21. Rxe3 Nxd5 22. Bxg6+ fxg6 23. Qxd5 Rxf4 24. Qe6 Ne5 25. g3 Rf6 26. Qd5 Qf8 27. Nb6 Rf2 28. Qe4 Rf3 29. Rxf3 Nxf3+ 30. Kg2 Ng5 31. Qf4 Qb8 32. Rxa6 Qb7+ 33. Kf2 Qxa6 34. Nd7 Qb7 35. Nf8+ Bxf8 36. Qxf8 Qxb2+ 37. Kf1 Qa1+ 0-1

[Event "Titled Tuesday intern op 13th Apr"]
[Site "Chess.com INT"]
[Date "2021.04.13"]
[Round "10"]
[White "Finegold, Spencer"]
[Black "Djokic, Mihailo"]
[Result "0-1"]
[WhiteElo "2090"]
[BlackElo "2175"]
[PlyCount "92"]
[EventDate "2021.04.13"]
[EventType "swiss (blitz)"]
[EventRounds "11"]
[EventCountry "USA"]
[SourceTitle "CBM 201 Extra"]
[Source "ChessBase"]
[SourceDate "2021.05.31"]
[SourceVersion "1"]
[SourceVersionDate "2021.05.31"]
[SourceQuality "1"]

1. e4 c5 2. Nf3 d6 3. d4 cxd4 4. Nxd4 Nf6 5. Nc3 g6 6. Be3 Bg7 7. f3 0-0 8. Qd2 Nc6 9. 0-0-0 Bd7 10. Kb1 Rc8 11. h4 Ne5 12. Bh6 Bxh6 13. Qxh6 Rxc3 14. bxc3 Qc7 15. Qe3 Rc8 16. Nb3 a5 17. h5 Nxh5 18. f4 Ng4 19. Qd4 a4 20. Nc1 Qxc3 21. Qxc3 Rxc3 22. Rh3 Rxh3 23. gxh3 Ne3 24. Re1 Nxf1 25. Rxf1 Bxh3 26. Rf3 Bg2 27. Ra3 b5 28. c4 Bxe4+ 29. Kb2 bxc4 30. Rxa4 Nxf4 31. Rxc4 Nd3+ 32. Kc3 Nxc1 33. Rxe4 Nxa2+ 34. Kb2 e5 35. Kxa2 f5 36. Ra4 f4 37. Kb3 f3 38. Kc4 g5 39. Kd3 h5 40. Ke4 f2 41. Ra1 g4 42. Rf1 g3 43. Kf3 h4 44. Kg2 e4 45. Rd1 e3 46. Rxd6 e2 0-1

[Event "Titled Tuesday intern op 06th Apr"]
[Site "Chess.com INT"]
[Date "2021.04.06"]
[Round "6"]
[White "Koridze, Lile"]
[Black "Finegold, Spencer"]
[Result "1-0"]
[WhiteElo "2016"]
[BlackElo "2090"]
[PlyCount "69"]
[EventDate "2021.04.06"]
[EventType "swiss (blitz)"]
[EventRounds "11"]
[EventCountry "USA"]
[SourceTitle "CBM 201 Extra"]
[Source "ChessBase"]
[SourceDate "2021.05.31"]
[SourceVersion "1"]
[SourceVersionDate "2021.05.31"]
[SourceQuality "1"]

1. d4 Nf6 2. c4 c5 3. d5 e6 4. Nc3 exd5 5. cxd5 d6 6. Nf3 g6 7. g3 Bg7 8. Bg2 0-0 9. 0-0 a6 10. a4 Nbd7 11. Nd2 Re8 12. Nc4 Nb6 13. Na3 Rb8 14. a5 Na8 15. Nc4 Nc7 16. Bf4 Bf8 17. e4 Nb5 18. e5 dxe5 19. Bxe5 Nd6 20. Nxd6 Bxd6 21. Bxd6 Qxd6 22. Re1 Bf5 23. Qb3 Rxe1+ 24. Rxe1 b5 25. axb6 Rxb6 26. Qa3 Bd3 27. Na4 Bb5 28. Nxb6 Qxb6 29. Qc3 Ne8 30. Bf1 Nd6 31. Bxb5 axb5 32. Qf6 Qc7 33. Re7 Qb8 34. Rd7 Ne8 35. Qxf7+ 1-0

[Event "USA tt KO"]
[Site "ICC INT"]
[Date "2015.12.01"]
[Round "3"]
[White "Finegold, Spencer"]
[Black "Rozman, Levy"]
[Result "0-1"]
[WhiteElo "2093"]
[BlackElo "2262"]
[PlyCount "88"]
[EventDate "2015.11.10"]
[EventType "team-k.o."]
[EventRounds "3"]
[EventCountry "USA"]
[SourceTitle "EXT 2017"]
[Source "ChessBase"]
[SourceDate "2016.10.25"]
[SourceVersion "1"]
[SourceVersionDate "2016.10.25"]
[SourceQuality "1"]
[WhiteTeam "St Louis"]
[BlackTeam "Manhattan"]
[WhiteTeamCountry "USA"]
[BlackTeamCountry "USA"]

1. d4 f5 2. Nc3 Nf6 3. Bg5 d5 4. f3 c5 5. e4 Nc6 6. Bb5 a6 7. Bxc6+ bxc6 8. Nge2 e6 9. exf5 exf5 10. Qd2 Bd6 11. 0-0 0-0 12. Kh1 cxd4 13. Qxd4 Rb8 14. a3 c5 15. Qd3 d4 16. Nd5 Rxb2 17. Rab1 Rxb1 18. Rxb1 Qd7 19. Nxf6+ gxf6 20. Bf4 Re8 21. Bxd6 Qxd6 22. Ng3 Qe6 23. h3 Qe5 24. f4 Qxf4 25. Nh5 Qd6 26. Qf3 Bd7 27. Nf4 Re3 28. Qa8+ Kg7 29. Nh5+ Kh6 30. Qg8 Be8 31. Qg7+ Kxh5 32. Qxh7+ Kg5 33. Rf1 f4 34. Qg8+ Bg6 35. h4+ Kh6 36. h5 Bxh5 37. Qh8+ Kg6 38. Qg8+ Kf5 39. Qc8+ Ke5 40. Qh8 Be2 41. Qe8+ Kf5 42. Qc8+ Qe6 43. g4+ Bxg4 44. Qxc5+ Kg6 0-1

[Event "USA tt"]
[Site "ICC INT"]
[Date "2015.10.27"]
[Round "10"]
[White "Arvind, C Jayaraman"]
[Black "Finegold, Spencer"]
[Result "1-0"]
[WhiteElo "2232"]
[BlackElo "2093"]
[PlyCount "85"]
[EventDate "2015.08.25"]
[EventType "team-swiss"]
[EventRounds "10"]
[EventCountry "USA"]
[SourceTitle "EXT 2017"]
[Source "ChessBase"]
[SourceDate "2016.10.25"]
[SourceVersion "1"]
[SourceVersionDate "2016.10.25"]
[SourceQuality "1"]
[WhiteTeam "Dallas"]
[BlackTeam "St Louis"]
[WhiteTeamCountry "USA"]
[BlackTeamCountry "USA"]

1. d4 Nf6 2. Nf3 e6 3. c4 c5 4. d5 d6 5. Nc3 exd5 6. cxd5 g6 7. g3 Bg7 8. Bg2 0-0 9. 0-0 Re8 10. Bf4 a6 11. a4 h6 12. Qc1 g5 13. Bd2 Bf5 14. h4 g4 15. Ne1 Kh7 16. Nc2 Nbd7 17. Bf4 Ne5 18. Ne3 Bg6 19. Bxe5 Rxe5 20. Nc4 Nh5 21. Nxe5 Bxe5 22. Ra3 f5 23. e3 Qf6 24. Rb3 b5 25. axb5 axb5 26. Rxb5 f4 27. exf4 Nxf4 28. gxf4 Bxf4 29. Ne4 Bxe4 30. Bxe4+ Kg8 31. Qc4 Rf8 32. Rb3 Qxh4 33. Rg3 Bxg3 34. fxg3 Qxg3+ 35. Bg2 Qe3+ 36. Kh1 Rxf1+ 37. Qxf1 h5 38. Qf6 Qe1+ 39. Kh2 Qd2 40. Qg6+ Kf8 41. Qxd6+ Ke8 42. Qe5+ Kd8 43. d6 1-0

[Event "USA tt playoff"]
[Site "ICC INT"]
[Date "2014.11.12"]
[Round "1"]
[White "Klein, Ethan J"]
[Black "Finegold, Spencer"]
[Result "1-0"]
[WhiteElo "1936"]
[BlackElo "2125"]
[PlyCount "71"]
[EventDate "2014.11.12"]
[EventType "team-k.o."]
[EventRounds "3"]
[EventCountry "USA"]
[SourceTitle "EXT 2015"]
[Source "ChessBase"]
[SourceDate "2014.11.20"]
[SourceVersion "1"]
[SourceVersionDate "2014.11.20"]
[SourceQuality "1"]
[WhiteTeam "New Jersey"]
[BlackTeam "St Louis"]
[WhiteTeamCountry "USA"]
[BlackTeamCountry "USA"]

1. d4 Nf6 2. c4 c5 3. d5 e6 4. Nc3 exd5 5. cxd5 d6 6. e4 g6 7. Nge2 Bg7 8. Ng3 0-0 9. Be2 Re8 10. 0-0 a6 11. a4 Nbd7 12. Bg5 h6 13. Be3 Rb8 14. Qd2 h5 15. f3 h4 16. Nh1 Nh7 17. Nf2 f5 18. exf5 gxf5 19. Rae1 Ne5 20. Nh3 Nf7 21. Kh1 Bd7 22. Bd3 b5 23. axb5 axb5 24. Nf4 Nhg5 25. Nh5 Bh8 26. Qc2 Qc8 27. Bf4 Rxe1 28. Rxe1 c4 29. Bf1 b4 30. Nd1 c3 31. bxc3 bxc3 32. Bd3 Ra8 33. Ne3 Ba4 34. Qc1 Bd7 35. Bxg5 Nxg5 36. Nxf5 1-0

[Event "USA tt"]
[Site "ICC INT"]
[Date "2014.10.28"]
[Round "10"]
[White "Finegold, Spencer"]
[Black "Jones, Craig W"]
[Result "1-0"]
[WhiteElo "2125"]
[BlackElo "2153"]
[PlyCount "115"]
[EventDate "2014.08.26"]
[EventType "team-tourn"]
[EventRounds "10"]
[EventCountry "USA"]
[SourceTitle "EXT 2015"]
[Source "ChessBase"]
[SourceDate "2014.11.20"]
[SourceVersion "1"]
[SourceVersionDate "2014.11.20"]
[SourceQuality "1"]
[WhiteTeam "St Louis"]
[BlackTeam "Carolina"]
[WhiteTeamCountry "USA"]
[BlackTeamCountry "USA"]

1. e4 d5 2. exd5 Qxd5 3. Nc3 Qa5 4. Bc4 Nf6 5. d3 c6 6. Nge2 Bf5 7. 0-0 e6 8. Bf4 Nbd7 9. Ng3 Bg6 10. Nge4 Nb6 11. Nxf6+ gxf6 12. Bb3 0-0-0 13. Bg3 h5 14. Bh4 Qf5 15. a4 Be7 16. a5 Nd7 17. a6 b6 18. f4 Nc5 19. Qf3 Kc7 20. Bc4 Qg4 21. g3 Qxf3 22. Rxf3 b5 23. Ba2 b4 24. Ne2 b3 25. Bxb3 Nxb3 26. cxb3 Bxd3 27. Kf2 Kb6 28. Nc3 Bxa6 29. Ne4 Rd4 30. Re3 Rhd8 31. Rc1 c5 32. Ke1 R8d5 33. Nc3 Rf5 34. Ne2 Rd7 35. Rd1 Rfd5 36. Rxd5 Rxd5 37. Nc3 Rd7 38. Ne4 f5 39. Bxe7 fxe4 40. Bf6 Bd3 41. Kd2 Rb7 42. h4 Kc6 43. g4 e5 44. Bxe5 hxg4 45. Bf6 Kd5 46. f5 Rb6 47. Bg7 Ra6 48. Re1 g3 49. h5 g2 50. Rg1 Bf1 51. h6 f6 52. h7 Kd4 53. Bh6 Rd6 54. h8Q e3+ 55. Ke1 Kd3 56. Qe8 e2 57. Qe3+ Kc2 58. Qxc5+ 1-0

[Event "Saint Louis SPICE Cup op 7th"]
[Site "Saint Louis"]
[Date "2013.10.16"]
[Round "3"]
[White "Kiewra, Keaton F"]
[Black "Finegold, Spencer"]
[Result "1-0"]
[WhiteElo "2404"]
[BlackElo "2132"]
[PlyCount "93"]
[EventDate "2013.10.15"]
[EventType "swiss"]
[EventRounds "9"]
[EventCountry "USA"]
[SourceTitle "EXT 2014"]
[Source "ChessBase"]
[SourceDate "2013.11.20"]
[SourceVersion "1"]
[SourceVersionDate "2013.11.20"]
[SourceQuality "1"]

1. c4 c6 2. e4 e5 3. Nc3 Nf6 4. Nf3 d6 5. d4 Nbd7 6. Be2 Be7 7. h3 0-0 8. Be3 Qc7 9. Qc2 Re8 10. 0-0 a5 11. Nh2 exd4 12. Bxd4 Ne5 13. f4 Ng6 14. Ng4 Nxg4 15. hxg4 Bf8 16. g3 Bd7 17. Bf3 a4 18. Rad1 Qa5 19. Kg2 Qb4 20. Be2 a3 21. b3 Rac8 22. Qd3 Qa5 23. Rh1 Rcd8 24. Rh5 Qa8 25. Rdh1 h6 26. g5 c5 27. Be3 Bc6 28. Bf3 b6 29. gxh6 gxh6 30. Nd5 Bxd5 31. Rxd5 Qb8 32. Bd2 Qc7 33. Bc3 Qe7 34. Rdh5 Kh7 35. Qd5 Kg8 36. Rxh6 Bxh6 37. Rxh6 Ne5 38. Qd1 Kg7 39. Rh5 f6 40. fxe5 dxe5 41. Qc1 Rh8 42. Rxh8 Rxh8 43. Qxa3 Qd7 44. Qb2 Qh3+ 45. Kf2 Qh2+ 46. Bg2 Rh3 47. Bxe5 1-0

[Event "Saint Louis op 3rd"]
[Site "Saint Louis"]
[Date "2012.11.23"]
[Round "2"]
[White "Finegold, Spencer"]
[Black "Diamant, Andre"]
[Result "0-1"]
[WhiteElo "2114"]
[BlackElo "2481"]
[PlyCount "80"]
[EventDate "2012.11.23"]
[EventType "swiss"]
[EventRounds "6"]
[EventCountry "USA"]
[SourceTitle "CBM 151 Extra"]
[Source "ChessBase"]
[SourceDate "2012.12.18"]
[SourceVersion "1"]
[SourceVersionDate "2012.12.18"]
[SourceQuality "1"]

1. d4 Nf6 2. c4 e6 3. Nc3 Bb4 4. e3 c5 5. Nge2 b6 6. a3 Ba5 7. Rb1 Na6 8. Nf4 Bb7 9. Bd3 Bxc3+ 10. bxc3 Be4 11. 0-0 0-0 12. f3 Bxd3 13. Qxd3 d6 14. e4 Nb8 15. d5 Qe7 16. dxe6 fxe6 17. Rd1 Nc6 18. Be3 Rad8 19. Rd2 Qf7 20. Rbd1 Rd7 21. Qe2 Rfd8 22. Bf2 g5 23. Nh3 Qg6 24. Bg3 e5 25. Nf2 h6 26. Qf1 Qf7 27. h3 Na5 28. Rd5 Nxd5 29. Rxd5 Nc6 30. Ng4 Qe6 31. Ne3 Rf8 32. Qd1 Ne7 33. Rd2 h5 34. Qa4 Ng6 35. Qc6 Kh7 36. Kh1 Rff7 37. a4 Ne7 38. Qa8 Ng8 39. Qc6 Nh6 40. Rd5 g4 0-1

[Event "Saint Louis SPICE Cup op 6th"]
[Site "Saint Louis"]
[Date "2012.10.18"]
[Round "6"]
[White "Finegold, Spencer"]
[Black "Ostrovskiy, Aleksandr A"]
[Result "0-1"]
[WhiteElo "2081"]
[BlackElo "2377"]
[PlyCount "78"]
[EventDate "2012.10.16"]
[EventType "swiss"]
[EventRounds "9"]
[EventCountry "USA"]
[SourceTitle "EXT 2013"]
[Source "ChessBase"]
[SourceDate "2012.11.22"]
[SourceVersion "1"]
[SourceVersionDate "2012.11.22"]
[SourceQuality "1"]

1. d4 d5 2. c4 c6 3. Nc3 Nf6 4. e3 e6 5. Nf3 Nbd7 6. b3 Bb4 7. Bd2 0-0 8. Be2 Qe7 9. 0-0 Bd6 10. Qc2 e5 11. dxe5 Nxe5 12. cxd5 cxd5 13. Nb5 Bb8 14. Rac1 Ne4 15. Nbd4 Bd7 16. Rfd1 Bd6 17. Nxe5 Qxe5 18. f4 Qe7 19. Rf1 Rfe8 20. Bb5 Bxb5 21. Nxb5 Bc5 22. Nd4 Ba3 23. Rcd1 Rac8 24. Qd3 Bc5 25. Be1 Rcd8 26. Ba5 Rd7 27. Be1 Bb6 28. Rc1 Nc5 29. Qb5 Rdd8 30. Rf3 Ne4 31. Bb4 Qf6 32. Qd3 h6 33. Ba3 Rc8 34. Bb2 Rxc1+ 35. Bxc1 Bxd4 36. exd4 Rc8 37. Bd2 Qc6 38. Kf1 Qc2 39. Ke2 Qxa2 0-1

[Event "Saint Louis SPICE Cup op 6th"]
[Site "Saint Louis"]
[Date "2012.10.18"]
[Round "5"]
[White "Schneider, Veronika"]
[Black "Finegold, Spencer"]
[Result "1-0"]
[WhiteElo "2313"]
[BlackElo "2081"]
[PlyCount "71"]
[EventDate "2012.10.16"]
[EventType "swiss"]
[EventRounds "9"]
[EventCountry "USA"]
[SourceTitle "EXT 2013"]
[Source "ChessBase"]
[SourceDate "2012.11.22"]
[SourceVersion "1"]
[SourceVersionDate "2012.11.22"]
[SourceQuality "1"]

1. e4 c5 2. Nf3 d6 3. c3 Nf6 4. Bc4 e6 5. e5 dxe5 6. Nxe5 Nbd7 7. Nf3 Be7 8. d4 0-0 9. 0-0 Qc7 10. Qe2 Nb6 11. Bb3 c4 12. Bc2 Nbd5 13. Ne5 b5 14. Bg5 Bb7 15. Nd2 h6 16. f4 Ne8 17. Bxh6 gxh6 18. Qg4+ Ng7 19. Qh3 f5 20. Rae1 h5 21. Bd1 Nf6 22. Re3 Ng4 23. Rg3 Rf6 24. Ndf3 Bd6 25. Ng5 Bxe5 26. fxe5 Rg6 27. Bxg4 Rxg5 28. Bxh5 Rxg3 29. Qxg3 Bc6 30. Rf4 Be8 31. Bf3 Rd8 32. Rh4 Qf7 33. Qg5 Rd7 34. Qh6 Qg6 35. Qh8+ Kf7 36. Rh7 1-0

[Event "Saint Louis SPICE Cup op 6th"]
[Site "Saint Louis"]
[Date "2012.10.17"]
[Round "3"]
[White "Finegold, Spencer"]
[Black "Agrest, Inna"]
[Result "1-0"]
[WhiteElo "2081"]
[BlackElo "2204"]
[PlyCount "111"]
[EventDate "2012.10.16"]
[EventType "swiss"]
[EventRounds "9"]
[EventCountry "USA"]
[SourceTitle "EXT 2013"]
[Source "ChessBase"]
[SourceDate "2012.11.22"]
[SourceVersion "1"]
[SourceVersionDate "2012.11.22"]
[SourceQuality "1"]

1. d4 Nf6 2. c4 g6 3. Nc3 Bg7 4. e4 d6 5. h3 0-0 6. Be3 Na6 7. Bd3 e5 8. d5 Nh5 9. g3 Qe8 10. Be2 Nf6 11. Qc2 c6 12. g4 Bd7 13. g5 Nh5 14. Bxh5 gxh5 15. Nge2 h4 16. 0-0-0 Rc8 17. Kb1 b5 18. dxc6 Bxc6 19. Rxd6 bxc4 20. Nc1 Qe7 21. Rhd1 Qb7 22. f3 Rfe8 23. Qf2 Bf8 24. Rh6 Re6 25. Rxe6 fxe6 26. g6 hxg6 27. Qxh4 Rb8 28. Rd2 Bb4 29. Rg2 Be8 30. Qe1 Nc5 31. Bxc5 Bxc5 32. h4 Qh7 33. Qe2 Bd4 34. Qxc4 Rb6 35. Nb3 Qxh4 36. Rc2 Rc6 37. Qe2 Bb6 38. a3 Rd6 39. Ka2 Rd8 40. Qc4 Qe7 41. Na4 Bd4 42. Nac5 Bf7 43. Rd2 Rc8 44. Rc2 Rc7 45. Qb5 Rc8 46. Rc1 Be8 47. Qc4 Bf7 48. Qb5 Be8 49. Qb4 Bf7 50. Nd3 Qd8 51. Rxc8 Qxc8 52. Nxd4 exd4 53. Ne5 Qd8 54. Qc4 Qd6 55. Qc8+ Kg7 56. Qh8+ 1-0

[Event "Saint Louis SPICE Cup op 6th"]
[Site "Saint Louis"]
[Date "2012.10.16"]
[Round "1"]
[White "Finegold, Spencer"]
[Black "Priyadharshan, Kannappan"]
[Result "0-1"]
[WhiteElo "2081"]
[BlackElo "2407"]
[PlyCount "88"]
[EventDate "2012.10.16"]
[EventType "swiss"]
[EventRounds "9"]
[EventCountry "USA"]
[SourceTitle "EXT 2013"]
[Source "ChessBase"]
[SourceDate "2012.11.22"]
[SourceVersion "1"]
[SourceVersionDate "2012.11.22"]
[SourceQuality "1"]

1. d4 d5 2. c4 dxc4 3. Nf3 Nf6 4. e3 e6 5. Bxc4 a6 6. Bb3 c5 7. 0-0 Nc6 8. Qe2 cxd4 9. Rd1 Be7 10. exd4 0-0 11. Nc3 Na5 12. Bc2 b5 13. a4 b4 14. Ne4 Bb7 15. Nc5 Bd5 16. Ne5 Nc6 17. Be3 a5 18. Rac1 Rc8 19. h3 g6 20. Ncd3 b3 21. Bb1 Qb6 22. Nxc6 Rxc6 23. Ne5 Rxc1 24. Rxc1 Qb7 25. f3 Nd7 26. Qb5 Qxb5 27. axb5 Nxe5 28. dxe5 Rb8 29. Bh6 a4 30. Kf2 a3 31. bxa3 Bxa3 32. Rc7 Bb2 33. f4 Bd4+ 34. Kg3 b2 35. Kh2 f6 36. Rg7+ Kh8 37. exf6 Bxf6 38. Rf7 Bd4 39. Rf8+ Rxf8 40. Bxf8 Bc4 41. Bd6 Bxb5 42. Be5+ Bxe5 43. fxe5 g5 44. Kg3 Be8 0-1

[Event "Saint Louis SPICE Cup op 6th"]
[Site "Saint Louis"]
[Date "2012.10.16"]
[Round "2"]
[White "Jayakumar, Adarsh"]
[Black "Finegold, Spencer"]
[Result "1/2-1/2"]
[WhiteElo "2290"]
[BlackElo "2081"]
[PlyCount "67"]
[EventDate "2012.10.16"]
[EventType "swiss"]
[EventRounds "9"]
[EventCountry "USA"]
[SourceTitle "EXT 2013"]
[Source "ChessBase"]
[SourceDate "2012.11.22"]
[SourceVersion "1"]
[SourceVersionDate "2012.11.22"]
[SourceQuality "1"]

1. d4 Nf6 2. c4 g6 3. g3 Bg7 4. Bg2 d5 5. cxd5 Nxd5 6. Nf3 0-0 7. 0-0 Nb6 8. Nc3 Nc6 9. e3 Re8 10. Re1 a5 11. Qe2 Be6 12. Nd2 Nb4 13. Rd1 c6 14. Nde4 Bc4 15. Qf3 N4d5 16. Nd2 Ba6 17. Nb3 Nxc3 18. bxc3 Na4 19. e4 Qc7 20. Ba3 e5 21. Rac1 Bc4 22. Qe3 Rad8 23. d5 Bf8 24. Bxf8 Rxf8 25. Nc5 Nb6 26. d6 Rxd6 27. Rxd6 Qxd6 28. Nxb7 Qc7 29. Nxa5 Bxa2 30. Qc5 Na4 31. Qb4 Ra8 32. Qxa4 Rxa5 33. Qc2 Bc4 34. Bf1 1/2-1/2

[Event "USA tt"]
[Site "ICC INT"]
[Date "2010.10.04"]
[Round "7"]
[White "Tsai, Cindy"]
[Black "Finegold, Spencer"]
[Result "1/2-1/2"]
[WhiteElo "2152"]
[BlackElo "1983"]
[PlyCount "104"]
[EventDate "2010.08.23"]
[EventType "team"]
[EventRounds "10"]
[EventCountry "USA"]
[SourceTitle "CBM 138 Extra"]
[Source "ChessBase"]
[SourceDate "2010.10.29"]
[SourceVersion "1"]
[SourceVersionDate "2010.10.29"]
[SourceQuality "1"]

1. d4 d5 2. c4 e6 3. Nc3 c5 4. cxd5 exd5 5. Nf3 Nc6 6. g3 Nf6 7. Bg2 Be7 8. 0-0 0-0 9. Bg5 cxd4 10. Nxd4 h6 11. Bf4 Be6 12. Nxe6 fxe6 13. e4 d4 14. Ne2 e5 15. Bd2 Qb6 16. Qb3+ Qxb3 17. axb3 Bb4 18. Bxb4 Nxb4 19. Ra5 Nd3 20. f4 b6 21. Ra2 Rfd8 22. Rd1 Nb4 23. Ra4 d3 24. Nc3 a5 25. fxe5 Ng4 26. Nd5 b5 27. Rxb4 axb4 28. e6 Ne5 29. e7 Re8 30. Nc7 Rac8 31. Nxe8 Rxe8 32. Bf1 Rxe7 33. Bxd3 Nxd3 34. Rxd3 Rxe4 35. Kf2 Kf7 36. Rd5 g5 37. Rxb5 g4 38. Rb6 Kg7 39. Rc6 Rd4 40. Ke2 Re4+ 41. Kf2 Rd4 42. Rc4 Rd2+ 43. Ke3 Rxh2 44. Rxg4+ Kf6 45. Rxb4 Rxb2 46. Kf4 h5 47. Rb6+ Kf7 48. Kg5 Rg2 49. Kh4 Rh2+ 50. Kg5 Rg2 51. Kf4 Rf2+ 52. Kg5 Rg2 1/2-1/2